[Event "SERBIA CHESS OPEN 2021 - MASTERS"]
[Site "Belgrade, Hotel Metropol"]
[Date "2021.07.02"]
[Round "1.135"]
[White "Irizanin, Radoje"]
[Black "Stojkovic, Nenad P"]
[Result "1-0"]
[WhiteElo "2330"]
[BlackElo "2081"]
[PlyCount "65"]
[EventDate "2021.??.??"]

1. d4 d5 2. Bf4 c5 3. e3 cxd4 4. exd4 Nc6 5. c3 Bf5 6. Nf3 Qb6 7. Qb3 Qxb3 8.
axb3 Nf6 9. Nbd2 h6 10. b4 g5 11. Bg3 Bg7 12. b5 Nd8 13. h4 g4 14. Ne5 O-O 15.
Bd3 Be6 16. O-O Nh5 17. Bh2 Bf6 18. Be2 Bxh4 19. Bxg4 Ng7 20. Ndf3 Bg5 21. Nxg5
hxg5 22. Rfe1 f5 23. Bd1 f4 24. Bb3 Kh7 25. g3 Kh6 26. gxf4 gxf4 27. f3 Nh5 28.
Kf2 Rg8 29. Rh1 Bh3 30. Rag1 Rxg1 31. Rxg1 Bf5 32. Rg8 Rc8 33. Rxd8 1-0

[Event "SERBIA CHESS OPEN 2021 - MASTERS"]
[Site "Belgrade, Hotel Metropol"]
[Date "2021.07.02"]
[Round "1.136"]
[White "Kalogridis, Antonios"]
[Black "Stankovic, Milos M"]
[Result "1/2-1/2"]
[WhiteElo "2080"]
[BlackElo "2327"]
[PlyCount "110"]
[EventDate "2021.??.??"]

1. d4 g6 2. e4 Bg7 3. c4 d6 4. Nc3 e5 5. dxe5 dxe5 6. Qxd8+ Kxd8 7. f4 Nc6 8.
Nf3 Bg4 9. fxe5 Bxf3 10. gxf3 Bxe5 11. Be3 Bxc3+ 12. bxc3 Nge7 13. O-O-O+ Kc8
14. Bh3+ f5 15. exf5 Nxf5 16. Bxf5+ gxf5 17. Rhg1 Re8 18. Rg7 Nd8 19. Rxh7 b5
20. Bf4 Ne6 21. Be5 bxc4 22. Rf7 Rb8 23. f4 Rb7 24. Kc2 Rg8 25. h4 Rg2+ 26. Rd2
Rg1 27. Re7 Rbb1 28. Re2 Rgc1+ 29. Kd2 Rh1 30. Rf2 Rb6 31. Ke2 Rxh4 32. Kf3
Rh3+ 33. Kg2 Rd3 34. Rf7 a5 35. Rxf5 a4 36. Rf7 Rd7 37. Rxd7 Kxd7 38. f5 Ng5
39. f6 Nf7 40. Bd4 Rb5 41. Re2 Nd6 42. Be5 a3 43. Kf3 Rb8 44. Bxd6 cxd6 45. Kg4
Rg8+ 46. Kh5 Rg3 47. f7 Rf3 48. Kg6 Rg3+ 49. Kh6 Rh3+ 50. Kg7 Rg3+ 51. Kf6 Rf3+
52. Kg6 Rg3+ 53. Kh7 Rh3+ 54. Kg8 Rg3+ 55. Kh7 Rh3+ 1/2-1/2

[Event "SERBIA CHESS OPEN 2021 - MASTERS"]
[Site "Belgrade, Hotel Metropol"]
[Date "2021.07.02"]
[Round "1.138"]
[White "Stamatiou, Rodolfos"]
[Black "Zakic, Srdjan"]
[Result "1-0"]
[WhiteElo "2023"]
[BlackElo "2324"]
[PlyCount "53"]
[EventDate "2021.??.??"]

1. e4 c5 2. Nf3 Nc6 3. d4 cxd4 4. Nxd4 e5 5. Nb5 d6 6. c4 g6 7. N1c3 a6 8. Na3
Nf6 9. Be2 Bg7 10. O-O O-O 11. Bg5 Be6 12. Nc2 h6 13. Be3 Rc8 14. Qd2 Nd4 15.
Nxd4 exd4 16. Bxd4 Bxc4 17. Rad1 Re8 18. Bxc4 Rxc4 19. Qd3 Rb4 20. Rfe1 Rxb2
21. a4 Rb4 22. Bc5 Rb2 23. e5 Ng4 24. e6 Ne5 25. exf7+ Nxf7 26. Ba3 Rxe1+ 27.
Rxe1 1-0

[Event "SERBIA CHESS OPEN 2021 - MASTERS"]
[Site "Belgrade, Hotel Metropol"]
[Date "2021.07.02"]
[Round "1.139"]
[White "Ohanyan, Emin"]
[Black "Maksimovic, Masa"]
[Result "1-0"]
[WhiteElo "2324"]
[BlackElo "2008"]
[PlyCount "55"]
[EventDate "2021.??.??"]

1. e4 c5 2. Nf3 d6 3. d4 cxd4 4. Nxd4 Nf6 5. Nc3 Nc6 6. Bg5 e6 7. Qd3 a6 8.
O-O-O Bd7 9. f4 Be7 10. Be2 b5 11. Bf3 Qc7 12. Rhe1 h6 13. Bxf6 gxf6 14. Nf5 b4
15. Nxe7 Nxe7 16. e5 d5 17. Bxd5 Nxd5 18. Nxd5 exd5 19. exf6+ Kd8 20. Qxd5
Qxf4+ 21. Kb1 Ra7 22. Re7 Qc7 23. Qxf7 Kc8 24. Rexd7 Qxd7 25. Rxd7 Rxd7 26.
Qc4+ Kd8 27. b3 Rd6 28. Qxb4 1-0

[Event "SERBIA CHESS OPEN 2021 - MASTERS"]
[Site "Belgrade, Hotel Metropol"]
[Date "2021.07.02"]
[Round "1.140"]
[White "Shoshin, Kirill"]
[Black "Vetokhin, Savva"]
[Result "0-1"]
[WhiteElo "2001"]
[BlackElo "2324"]
[PlyCount "60"]
[EventDate "2021.??.??"]

1. d4 Nf6 2. Bg5 d5 3. Bxf6 exf6 4. e3 Bd6 5. g3 O-O 6. Bg2 c6 7. Nd2 f5 8. Ne2
Nd7 9. O-O Nf6 10. c4 dxc4 11. Nxc4 Bc7 12. Qc2 g6 13. b4 Be6 14. Rad1 Ne4 15.
Nd2 Nd6 16. Nf4 Qd7 17. Rc1 Rfc8 18. Nxe6 fxe6 19. Nc4 Nxc4 20. Qxc4 Bd6 21.
Qb3 Kg7 22. a4 a6 23. Qc3 Kf7 24. Qb3 Be7 25. Bf3 Kg7 26. Kg2 Bf6 27. b5 cxb5
28. Rxc8 Rxc8 29. axb5 a5 30. b6 Ra8 0-1

[Event "SERBIA CHESS OPEN 2021 - MASTERS"]
[Site "Belgrade, Hotel Metropol"]
[Date "2021.07.02"]
[Round "1.141"]
[White "Hasanzade, Toghrul"]
[Black "Khachatryan, Anna"]
[Result "1-0"]
[WhiteElo "2323"]
[BlackElo "1966"]
[PlyCount "74"]
[EventDate "2021.??.??"]

1. e4 c5 2. Nf3 Nc6 3. d4 cxd4 4. Nxd4 e5 5. Nb5 d6 6. N1c3 a6 7. Na3 b5 8. Nd5
Nge7 9. c4 Nd4 10. cxb5 Nxd5 11. exd5 Be7 12. Bd3 O-O 13. O-O Bb7 14. Be3 Bf6
15. bxa6 Bxa6 16. Bxd4 exd4 17. Nc2 Bxd3 18. Qxd3 Qa5 19. a3 Rfb8 20. Rab1 Qxd5
21. Nb4 Qb5 22. Qf3 Qb7 23. Qd3 Rc8 24. Rfe1 g6 25. Qe4 Qxe4 26. Rxe4 Ra5 27.
Kf1 Kg7 28. Ree1 Re5 29. Nd3 Rb5 30. Rbc1 Rxc1 31. Rxc1 Rb3 32. Ke2 g5 33. Rc4
Kf8 34. Rb4 Rxb4 35. Nxb4 Be5 36. h3 Ke7 37. Kd3 Ke6 1-0

[Event "SERBIA CHESS OPEN 2021 - MASTERS"]
[Site "Belgrade, Hotel Metropol"]
[Date "2021.07.02"]
[Round "1.142"]
[White "Katic, Goran"]
[Black "Sylvan, Jacob"]
[Result "0-1"]
[WhiteElo "1963"]
[BlackElo "2322"]
[PlyCount "102"]
[EventDate "2021.??.??"]

1. e4 d6 2. d4 Nf6 3. Bd3 g6 4. Ne2 Bg7 5. f3 Nc6 6. c3 e5 7. d5 Ne7 8. Be3 O-O
9. c4 Nh5 10. Nbc3 f5 11. Qd2 Kh8 12. O-O-O Ng8 13. g3 fxe4 14. Bxe4 a6 15. Kb1
b5 16. cxb5 axb5 17. Nxb5 Nhf6 18. Nbc3 Nxe4 19. fxe4 Bh3 20. Rhg1 Nf6 21. Bh6
Ng4 22. Bxg7+ Kxg7 23. Rge1 Rf2 24. Qc1 Nxh2 25. Ng1 Bd7 26. Rd2 Qf6 27. Rde2
Rxe2 28. Rxe2 Ng4 29. Rc2 Qf7 30. Nge2 Ra7 31. Qd2 h6 32. Nd4 Ra8 33. Nde2 Qf3
34. Rc1 Nf6 35. Qc2 Rc8 36. Ka1 c6 37. dxc6 Bxc6 38. Qd2 Rd8 39. Re1 Nxe4 40.
Nxe4 Bxe4 41. Nd4 Qg4 42. Ne6+ Qxe6 43. Rxe4 Rd7 44. a4 d5 45. Rb4 d4 46. Rb8
e4 47. Qb4 Qd6 48. Qb3 Qd5 49. Qb4 Rf7 50. b3 e3 51. Re8 Qh1+ 0-1

[Event "SERBIA CHESS OPEN 2021 - MASTERS"]
[Site "Belgrade, Hotel Metropol"]
[Date "2021.07.02"]
[Round "1.143"]
[White "Vasic, Vladimir"]
[Black "Radovanovic, Jovica"]
[Result "0-1"]
[WhiteElo "2119"]
[BlackElo "2326"]
[PlyCount "63"]
[EventDate "2021.??.??"]

1. e4 c5 2. Nf3 d6 3. d4 cxd4 4. Nxd4 Nf6 5. Bd3 Nc6 6. Nxc6 bxc6 7. c4 g6 8.
Nc3 Bg7 9. O-O O-O 10. h3 Rb8 11. Qc2 Be6 12. Be3 Qa5 13. Rac1 Nd7 14. Na4 Ne5
15. b3 c5 16. Bd2 Qc7 17. Bc3 Bd7 18. Nb2 Bh6 19. Bd2 Bg7 20. Bc3 f6 21. Nd1
Nc6 22. Ne3 e6 23. f4 Nd4 24. Qb2 Bc6 25. Nc2 e5 26. fxe5 fxe5 27. Ne3 Bh6 28.
Bd2 Qb7 29. Nd5 Bxd5 30. cxd5 Bf4 31. Bxf4 exf4 32. Qd2 0-1